Statistiques concernant Pays du Monde qui commencent par 2 consonnes

Cliquez ici pour prendre le quiz!

Statistiques générales

  • Ce quiz a été pris 327 fois
  • Le résultat moyen est 14 sur 21

Statistiques - réponses

Answer % Correct
Brésil
86%
France
85%
Chine
82%
Grèce
76%
Chili
76%
Slovénie
74%
Slovaquie
73%
Croatie
72%
Tchad
66%
Chypre
65%
Bhoutan
64%
Brunei
64%
Sri Lanka
63%
Thaïlande
61%
Ghana
59%
Djibouti
59%
Rwanda
57%
Swaziland
52%
Philippines
50%
Grenade
50%
Trinité-et-Tobago
46%

Distribution des résultats

Percentile by Number Answered

% des personnes avec chaque résultat

Votre développement - résultats

Vous n’avez pas pris ce quiz